Eléments de Statistique (Record no. 160159)

MARC details
000 -LEADER
campo de control de longitud fija 00904nam a22001935i 4500
001 - NÚMERO DE CONTROL
campo de control 160159
003 - IDENTIFICADOR DE NÚMERO DE CONTROL
campo de control ES-MaACL
005 - FECHA Y HORA DE LA ÚLTIMA TRANSACCIÓN
campo de control 20251014063231.0
008 - DATOS DE LONGITUD FIJA--INFORMACIÓN GENERAL
campo de control de longitud fija 000104s1856 fr |||| | fre d
040 ## - FUENTE DE CATALOGACIÓN
Centro catalogador/agencia de origen M-RACE
Lengua de catalogación spa
Centro/agencia transcriptor M-RACE
Centro/agencia modificador CCPB | B
100 1# - ENTRADA PRINCIPAL--NOMBRE DE PERSONA
Nombre de persona Moreau de Jonnès, Alexandre,
Fechas asociadas al nombre 1776-1870
9 (RLIN) 130151
245 10 - MENCIÓN DEL TÍTULO
Título Eléments de Statistique
Resto del título : principes géneraux de cette science, sa classification, sa méthode, ses opérations, ses divers degrés de certitude, ses erreurs et ses progrés avec son application a la constatation des faits naturels sociaux et politiques, historiques et contemporains /
Mención de responsabilidad, etc. par Alex. Moreau de Jonnès.
250 ## - MENCION DE EDICION
Mención de edición 2e éd. considerablement augm.
260 ## - PUBLICACIÓN, DISTRIBUCIÓN, ETC.
Lugar de publicación, distribución, etc. Paris :
Nombre del editor, distribuidor, etc. Guillaumin et C\pie\s, libraires,
Fecha de publicación, distribución, etc. 1856.
300 ## - DESCRIPCIÓN FÍSICA
Extensión 464 p. ;
Dimensiones 18 cm.
650 #4 - PUNTO DE ACCESO ADICIONAL DE MATERIA--TÉRMINO DE MATERIA
Término de materia o nombre geográfico como elemento de entrada Estadística.
9 (RLIN) 12520
852 ## - LOCALIZACIÓN
Ubicación ES-MaACL
Número de control de estantería G-10522
Nota libre -- Enc. hol.
Holdings
Estatus retirado Estado de pérdida Estado de daño No para préstamo Colección Biblioteca de origen Biblioteca actual Ubicación en estantería Fecha de adquisición Fuente de adquisición Total de préstamos Signatura topográfica completa Código de barras Visto por última vez Precio de reemplazo Tipo de ítem Koha
        Libros del s. XIX Biblioteca del Ateneo de Madrid Biblioteca del Ateneo de Madrid Sala Pecera Planta 3 17/01/2008     G-10522 1167677 23/02/2023 23/02/2023 Libro impreso antiguo